特急「わかしお」の停車駅 - Statistics

General Stats
  • This quiz has been taken 63 times
    62 since last reset
  • The average score is 11 of 13
Answer Stats
停車駅 % Correct
東京
100%
蘇我
98%
安房鴨川
95%
上総一ノ宮
93%
大網
89%
海浜幕張
87%
勝浦
85%
茂原
82%
大原
80%
御宿
76%
土気
75%
安房小湊
67%
上総興津
47%
No matching quizzes found
Score Distribution
Percent of People with Each Score
Percentile by Number Answered
Your Score History
You have not taken this quiz since the last reset